000 00603nam a2200229 a 4500
999 _c1575
_d1575
001 1575
003 BD-JhCC
005 20180723134015.0
008 171022s20062010nyua|||| || | 000 0 eng d
020 _a978580081412
035 _a(BD-JhCC)1575
040 _aBD-JhCC
_dBD-JhCC
041 _aeng
082 _a650.140835
_bCHR 2010
100 _aChristen, Carol
245 _aWhat Colour is Your Parachute? /
_cCarol Christen and Richard N. Bolles
260 _aNew York :
_bTen Speed Press,
_c2010
300 _a178 p. :
_c24 cm.
650 _aJob Hunting
942 _2ddc
_cBK
_02